000 00729nam a2200265Ia 4500
003 OSt
005 20221006151306.0
006 a|||||r|||| 00| 0
007 ta
008 221006b |||||||| |||| 00| 0 jpn d
020 _c¥980
024 _a21,610
037 _bGift, Japan Foundation
_cTextual
040 _aEASL
_cEASL
_bjpn
041 _2jpn
_ajpn
082 _aY45.42.N7, L7
100 _aOUCHI Minoru
_9658804
245 0 _aFuhai no kozo
_b Ajiateki kenryoku no tokushitsu
260 _aTokyo
_bDaiyamondosha Japan
_c1977
300 _a215p.
_ccm.
490 _v JL
650 _aJL
942 _hY45.42.N7, L7
_cTEXL
_2CC
999 _c1089696
_d1089696